[Event "Bremen-ch op"]
[Site "Bremen"]
[Date "2013.03.24"]
[Round "3"]
[White "Hoose, Hannelore"]
[Black "Stuerken, Andree"]
[Result "0-1"]
[WhiteElo "1743"]
[BlackElo "1987"]
[PlyCount "68"]
[EventDate "2013.03.23"]
[EventType "swiss"]
[EventRounds "9"]
[EventCountry "GER"]
[SourceTitle "EXT 2022"]
[Source "ChessBase"]
[SourceDate "2021.10.06"]
[SourceVersion "1"]
[SourceVersionDate "2021.10.06"]
[SourceQuality "1"]

1. e4 e6 2. d4 d5 3. Nd2 Nf6 4. e5 Nfd7 5. Bb5 c5 6. dxc5 Bxc5 7. Ngf3 Bxf2+ 8. Kf1 Qb6 9. Qe2 Bc5 10. c3 Nc6 11. Nb3 Be7 12. Be3 Qc7 13. Bd4 0-0 14. Re1 f6 15. exf6 Nxf6 16. Bd3 Bd6 17. Bc5 e5 18. Bb5 Ne4 19. Bxd6 Qxd6 20. Kg1 Bg4 21. Bxc6 bxc6 22. Qe3 Rf4 23. h3 Ng3 24. Kf2 Bxf3 25. gxf3 Nxh1+ 26. Rxh1 Raf8 27. Rf1 R8f7 28. Ke2 e4 29. Nd2 c5 30. a3 d4 31. Nxe4 Qa6+ 32. Qd3 Rxe4+ 33. fxe4 Qxd3+ 34. Kxd3 Rxf1 0-1

[Event "Bremen-ch op"]
[Site "Bremen"]
[Date "2013.03.24"]
[Round "2"]
[White "Stuerken, Andree"]
[Black "Hundack, Rolf"]
[Result "0-1"]
[WhiteElo "1987"]
[BlackElo "2214"]
[PlyCount "118"]
[EventDate "2013.03.23"]
[EventType "swiss"]
[EventRounds "9"]
[EventCountry "GER"]
[SourceTitle "EXT 2022"]
[Source "ChessBase"]
[SourceDate "2021.10.06"]
[SourceVersion "1"]
[SourceVersionDate "2021.10.06"]
[SourceQuality "1"]

1. e4 e5 2. Nf3 Nc6 3. Bc4 Be7 4. 0-0 Nf6 5. d3 0-0 6. a4 d6 7. c3 Bg4 8. Nbd2 Qd7 9. Re1 Rad8 10. h3 Be6 11. d4 exd4 12. Bxe6 fxe6 13. cxd4 d5 14. Ne5 Nxe5 15. dxe5 Nxe4 16. Nxe4 dxe4 17. Qg4 Bb4 18. Rf1 Qd5 19. Bf4 a5 20. Rfd1 Qc6 21. Rdc1 Qd7 22. Rd1 Qf7 23. Be3 Qf5 24. Qg5 Rd5 25. Qxf5 Rxf5 26. Rdc1 c6 27. Rc4 Rfxe5 28. Bf4 Rf5 29. Rxe4 e5 30. Be3 Rf7 31. Rc1 Rfd7 32. Kh2 Kf7 33. Rcc4 R7d6 34. h4 Re6 35. Kh3 Red6 36. Kg4 Rg6+ 37. Kh3 Rf6 38. Kg3 Kf8 39. Kh3 Kg8 40. g3 Kf7 41. Kg2 Re6 42. Rc2 Ke7 43. Re2 Kd7 44. h5 b5 45. axb5 cxb5 46. Ba7 Bd6 47. f4 Re7 48. f5 a4 49. Be3 b4 50. g4 Rf7 51. Rc4 Rf8 52. Kf3 Ra8 53. g5 a3 54. bxa3 bxa3 55. Ra2 Rb5 56. Bc1 Rb3+ 57. Ke4 Rh3 58. h6 gxh6 59. Rcc2 Ra4+ 0-1

[Event "Bremen-ch op"]
[Site "Bremen"]
[Date "2012.04.02"]
[Round "4"]
[White "Theurich, Joel"]
[Black "Stuerken, Andree"]
[Result "1-0"]
[WhiteElo "1783"]
[BlackElo "1967"]
[PlyCount "97"]
[EventDate "2012.03.31"]
[EventType "swiss"]
[EventRounds "9"]
[EventCountry "GER"]
[SourceTitle "EXT 2022"]
[Source "ChessBase"]
[SourceDate "2021.10.06"]
[SourceVersion "1"]
[SourceVersionDate "2021.10.06"]
[SourceQuality "1"]

1. e4 e6 2. d4 d5 3. exd5 exd5 4. Nf3 Bd6 5. Bd3 Nc6 6. c3 Bg4 7. 0-0 Qd7 8. Bg5 f6 9. Bh4 Nge7 10. Bg3 0-0-0 11. Nbd2 Ng6 12. Qc2 Nce7 13. h3 Bf5 14. Bxd6 Bxd3 15. Qxd3 Qxd6 16. g3 h5 17. h4 Nf8 18. Rfe1 g6 19. Nf1 Rd7 20. Ne3 Ne6 21. Qe2 Ng7 22. Rac1 Nef5 23. Nxf5 Nxf5 24. Qe6 Rf8 25. Qxd6 Nxd6 26. Nd2 Rff7 27. Re2 Kd8 28. Rce1 c6 29. Kg2 b5 30. Nb3 Nb7 31. Nc5 Nxc5 32. dxc5 Kc7 33. Re6 Rd8 34. Re7+ Rxe7 35. Rxe7+ Rd7 36. Re6 Rf7 37. a3 a5 38. b4 axb4 39. axb4 Rd7 40. Rxf6 d4 41. cxd4 Rxd4 42. Rf4 Rxf4 43. gxf4 Kd7 44. Kf3 Ke6 45. Ke4 Kf6 46. f5 g5 47. hxg5+ Kxg5 48. Ke5 Kh6 49. Ke6 1-0

[Event "Bremen-ch op"]
[Site "Bremen"]
[Date "2012.04.01"]
[Round "2"]
[White "Stuerken, Andree"]
[Black "Buchal, Stephan"]
[Result "1/2-1/2"]
[WhiteElo "1967"]
[BlackElo "2330"]
[PlyCount "110"]
[EventDate "2012.03.31"]
[EventType "swiss"]
[EventRounds "9"]
[EventCountry "GER"]
[SourceTitle "EXT 2022"]
[Source "ChessBase"]
[SourceDate "2021.10.06"]
[SourceVersion "1"]
[SourceVersionDate "2021.10.06"]
[SourceQuality "1"]

1. d4 g6 2. e4 Bg7 3. Nf3 d6 4. c3 Nf6 5. Bd3 0-0 6. 0-0 Nc6 7. d5 Nb8 8. c4 Bg4 9. h3 Bxf3 10. Qxf3 Nbd7 11. Nc3 c6 12. Bf4 Nh5 13. Bh2 Qb6 14. Rab1 Rac8 15. dxc6 bxc6 16. Na4 Qa5 17. b3 Qd2 18. Qe2 Qg5 19. Qg4 Qxg4 20. hxg4 Nhf6 21. f3 Ne8 22. Rfd1 Nc7 23. Bf4 Bd4+ 24. Kf1 Kg7 25. Bc1 e5 26. Ba3 c5 27. Ke2 Nb6 28. Nxb6 axb6 29. Bc1 Ra8 30. a4 Rh8 31. Rh1 h6 32. Bd2 Ne6 33. g3 Rh7 34. Rh2 Rah8 35. Rbh1 Bb2 36. Be3 Bc3 37. Rh3 Nd8 38. Bc2 Nc6 39. Bb1 Nb8 40. Bc2 Nd7 41. Bc1 Nf6 42. Rh4 Nd7 43. R4h3 Nb8 44. Bb1 Nc6 45. Be3 Nd4+ 46. Bxd4 cxd4 47. f4 h5 48. gxh5 exf4 49. h6+ Rxh6 50. Rxh6 Rxh6 51. Rxh6 Kxh6 52. gxf4 Kh5 53. Kf3 Kh4 54. Bd3 f6 55. e5 dxe5 1/2-1/2

[Event "Niedersachsen-ch op"]
[Site "Verden"]
[Date "2011.01.04"]
[Round "5"]
[White "Stuerken, Andree"]
[Black "Langenfeld, Olaf"]
[Result "1/2-1/2"]
[WhiteElo "1943"]
[BlackElo "2022"]
[PlyCount "60"]
[EventDate "2011.01.02"]
[EventType "swiss"]
[EventRounds "7"]
[EventCountry "GER"]
[SourceTitle "EXT 2018"]
[Source "ChessBase"]
[SourceDate "2017.10.13"]
[SourceVersion "1"]
[SourceVersionDate "2017.10.13"]
[SourceQuality "1"]

1. d4 Nf6 2. Nf3 g6 3. g3 Bg7 4. Bg2 0-0 5. 0-0 d6 6. c4 Nc6 7. Nc3 e5 8. dxe5 dxe5 9. Bg5 Be6 10. b3 h6 11. Be3 Qe7 12. Qc1 Kh7 13. Rd1 Rfd8 14. h3 Rxd1+ 15. Qxd1 Rd8 16. Qe1 Nb4 17. Rc1 Bf5 18. Nh4 b6 19. a3 Na6 20. b4 c5 21. bxc5 Nxc5 22. Nxf5 gxf5 23. Nd5 Nxd5 24. Bxd5 Ne6 25. Qb4 Bf8 26. Qxe7 Bxe7 27. Bxe6 fxe6 28. c5 bxc5 29. Bxc5 Rc8 30. Be3 Rxc1+ 1/2-1/2

[Event "Niedersachsen-ch op"]
[Site "Verden"]
[Date "2011.01.03"]
[Round "4"]
[White "Kiesel, Harald"]
[Black "Stuerken, Andree"]
[Result "0-1"]
[WhiteElo "2165"]
[BlackElo "1943"]
[PlyCount "100"]
[EventDate "2011.01.02"]
[EventType "swiss"]
[EventRounds "7"]
[EventCountry "GER"]
[SourceTitle "EXT 2018"]
[Source "ChessBase"]
[SourceDate "2017.10.13"]
[SourceVersion "1"]
[SourceVersionDate "2017.10.13"]
[SourceQuality "1"]

1. e4 e6 2. d4 d5 3. Nc3 Nf6 4. Bg5 Be7 5. e5 Nfd7 6. Bxe7 Qxe7 7. f4 0-0 8. Nf3 a6 9. Bd3 f6 10. exf6 Nxf6 11. 0-0 c5 12. dxc5 Qxc5+ 13. Kh1 Nc6 14. Qd2 Bd7 15. a3 b5 16. Rae1 Rae8 17. Ne2 e5 18. fxe5 Nxe5 19. Nxe5 Rxe5 20. Qb4 Qxb4 21. axb4 Rfe8 22. Kg1 Bg4 23. Kf2 Bxe2 24. Rxe2 Ng4+ 25. Ke1 Rxe2+ 26. Bxe2 Ne3 27. Rf3 Nxc2+ 28. Kd2 Rxe2+ 29. Kxe2 Nd4+ 30. Ke3 Nxf3 31. gxf3 Kf7 32. Kd4 Ke6 33. f4 g6 34. Kc5 h5 35. h4 Kf5 36. Kxd5 Kxf4 37. Kc6 g5 38. hxg5 Kxg5 39. Kb6 h4 40. Kxa6 h3 41. Kxb5 h2 42. Kb6 h1Q 43. b5 Qa8 44. Kc7 Qa7+ 45. Kc6 Qb8 46. b6 Kf6 47. b7 Ke6 48. b4 Qd6+ 49. Kb5 Kd7 50. Ka5 Kc7 0-1

[Event "Dresden ZMD op"]
[Site "Dresden"]
[Date "2009.07.29"]
[Round "5"]
[White "Stuerken, Andree"]
[Black "Held, Florian"]
[Result "1/2-1/2"]
[WhiteElo "1957"]
[BlackElo "2043"]
[PlyCount "99"]
[EventDate "2009.07.25"]
[EventType "swiss"]
[EventRounds "9"]
[EventCountry "GER"]
[SourceTitle "CBM 131 Extra"]
[Source "ChessBase"]
[SourceDate "2009.09.03"]
[SourceVersion "2"]
[SourceVersionDate "2009.09.16"]
[SourceQuality "1"]

1. d4 Nf6 2. Nf3 g6 3. g3 Bg7 4. Bg2 0-0 5. 0-0 d6 6. c4 Nc6 7. Nc3 a6 8. e4 Bg4 9. Be3 Nd7 10. Qd2 Na5 11. b3 Bxf3 12. Bxf3 c5 13. d5 b5 14. cxb5 axb5 15. Bh6 Bxh6 16. Qxh6 b4 17. Ne2 e5 18. g4 Qf6 19. Kg2 Ra7 20. Rac1 Rfa8 21. Rc2 Nb7 22. Qd2 Qh4 23. Ng3 Nd8 24. Be2 Ra5 25. h3 f6 26. Bd3 Nf7 27. Rh1 Rb8 28. Qe2 Qh6 29. h4 Qf8 30. Qd2 Rb6 31. Qe2 Nb8 32. Rf1 Qh6 33. Rh1 Na6 34. Nf1 Nc7 35. Ne3 Rb8 36. Qf3 Qf4 37. Re1 Qxf3+ 38. Kxf3 Ra7 39. Ree2 Kf8 40. Nd1 Nb5 41. Bxb5 Rxb5 42. Kg3 Rba5 43. f3 R5a6 44. Ne3 Kg7 45. Nc4 Ra8 46. Rh2 Nh6 47. Rhf2 Ng8 48. g5 Rf8 49. f4 exf4+ 50. Rxf4 1/2-1/2